Govt. of
Madhya Pradesh

Blank papers blank palms (Record no. 68966)

MARC details
000 -LEADER
fixed length control field 00248nam a22001097a 4500
082 ## - DEWEY DECIMAL CLASSIFICATION NUMBER
Classification number 821/DAR
100 ## - MAIN ENTRY--AUTHOR NAME
Personal name Darshi,Darshan
245 ## - TITLE STATEMENT
Title Blank papers blank palms
260 ## - PUBLICATION, DISTRIBUTION, ETC. (IMPRINT)
Place of publication New Delhi
Name of publisher Sahitya akademi
Year of publication 2021
650 ## - SUBJECT ADDED ENTRY--TOPICAL TERM
Topical Term Poems
942 ## - ADDED ENTRY ELEMENTS (KOHA)
Koha item type Books
Holdings
Withdrawn status Lost status Damaged status Not for loan Home library Current library Date acquired Cost, normal purchase price Full call number Accession Number Price effective from Koha item type
        MACL MACL 08/04/2026 150.00 821/DAR CRE040430 08/04/2026 Books